Thị trường chứng khoán tổ chức và hoạt động

Thông tin cơ bản về thị trường chứng khoán. Tìm hiểu hoạt động của thị trường chứng khoán. Công việc của các công ty chứng khoán. Những quy định của pháp luật trong thị trường chứng khoán và nhưngx công cj đặc biệt với các loại, các giá c...

Ausführliche Beschreibung

Gespeichert in:
Bibliographische Detailangaben
1. Verfasser: Teweles, Richard F.
Format: Buch
Sprache:Undetermined
Veröffentlicht: Thành phố Hồ Chí Minh Trẻ 1996
Schlagworte:
Tags: Tag hinzufügen
Keine Tags, Fügen Sie den ersten Tag hinzu!
Thư viện lưu trữ: Trung tâm Học liệu Trường Đại học Cần Thơ
LEADER 01027nam a2200193Ia 4500
001 CTU_23846
008 210402s9999 xx 000 0 und d
082 |a 332.642 
082 |b T354 
100 |a Teweles, Richard F. 
245 0 |a Thị trường chứng khoán tổ chức và hoạt động 
245 0 |c Richard F Teweles , Edward S Bradley , Ted M Teweles ; Lê Minh Đức dịch 
260 |a Thành phố Hồ Chí Minh 
260 |b Trẻ 
260 |c 1996 
520 |a Thông tin cơ bản về thị trường chứng khoán. Tìm hiểu hoạt động của thị trường chứng khoán. Công việc của các công ty chứng khoán. Những quy định của pháp luật trong thị trường chứng khoán và nhưngx công cj đặc biệt với các loại, các giá cổ phiếu 
650 |a Bank marketing,Stock exchanges 
904 |i Phượng, 980522 
980 |a Trung tâm Học liệu Trường Đại học Cần Thơ